Inscenácia vianočnej hry v Prešove r. 1651

Bibliographic Details
Main Author: Cesnaková-Michalcová, Milena, 1924-2018 (Author)
Format: Article
Language:Slovak
PhysicalDescription:Lit. 2 zázn. v slov., nem.
Subjects:

MARC

LEADER 00000nab a2200000 a 4500
001 vtls000379012
003 SK-MaSNL
005 20260303202336.0
008 111202c1987 xo 0 slo
015 |a SNBRA19rr/mm-uuuuu 
035 |a CL0379134 
040 |a SNKBUCL  |b slo  |c SNKBUCL  |e AACR2 
041 0 |a slo 
044 |a xo  |c SK 
080 |a 792.077  |2 1981 
100 1 |a Cesnaková-Michalcová, Milena,  |d 1924-2018  |4 aut  |9 185872 
245 1 0 |a Inscenácia vianočnej hry v Prešove r. 1651  |c Milena Cesnaková-Michalcová 
300 |b Lit. 2 zázn. v slov., nem. 
650 0 7 |a ľudové divadlo  |2 snkbucl  |9 15395 
650 0 7 |a divadelné hry  |2 snkbucl  |9 79680 
651 7 |a 5407  |2 snkbucl  |9 893769 
651 7 |a Prešov (Slovensko)  |2 snkbucl  |9 17347 
655 7 |a články zo zborníkov  |2 snkbucl  |9 166140 
773 0 |t Problémy umenia 16.-18. storočia  |d Bratislava : Umenovedný ústav SAV, 1987 
850 |a Slovenská národná knižnica v Martine  |a MTA001 
852 |a SNK  |b KIS3GCP 
958 |a RK 
992 |a RZB 
999 |c 2179073  |d 2181003